Statistiques concernant Lieux Fictifs

Cliquez ici pour prendre le quiz!

Statistiques générales

  • Ce quiz a été pris 110 fois
  • Le résultat moyen est 13 sur 50

Statistiques - réponses

Lieu Univers % Correct
Gotham CityBatman
85%
SpringfieldLes Simpson
77%
Bourg PalettePokémon
64%
WinterfellGame Of Thrones
59%
MetropolisSuperman
59%
PandoraAvatar
58%
Los SantosGTA
55%
AslanNarnia
53%
Bikini BottomBob l'éponge
51%
EndorStar Wars
47%
Pays ImaginairePeter Pan
47%
DurmstrangHarry Potter
45%
DigimondeDigimon
42%
LilliputhGulliver
41%
BordurieTintin
37%
PanemHunger Games
36%
AgrabahAladdin
34%
LoompalandCharlie et la Chocolaterie
34%
NamekDragon Ball
29%
Champ de SalsepareilleLes Schtroumpfs
28%
Ile de la MuertaPirates des CaraÏbes
28%
FairviewDesperate Housewives
28%
ArnorLe Seigneur des Anneaux
25%
CybertronTransformers
19%
New New YorkFuturama
18%
East BlueOne Piece
16%
BordecielThe Elder Scrolls
12%
Ile du CrâneKing Kong
11%
P-3 Night ClubCharmed
11%
Racoon CityResident Evil
11%
ArrakisDune
11%
AlagaësiaEragon
8%
KiriNaruto
8%
NovigradThe Witcher
8%
BretonnieWarhammer
7%
Metro CityMegamind
6%
Dark Meat CityMutafukaz
5%
CharmingSons Of Anarchy
5%
DarshanLanfeust
5%
Z-CityOne Punch-Man
4%
NovalisRatchet & Clank
4%
Neptune HighVeronica Mars
4%
Ile CobraG.I. Joe
3%
PhalompeTrolls de Troy
3%
EdeniaDream Land
2%
MirrodinMagic
2%
AarklashConfrontation
1%
F.E.A.H.Freak's Squeele
1%
Terra 2014L'Incal
1%
KeyhouseLock and Key
1%

Distribution des résultats

Percentile par nombre de réponses

% des personnes avec chaque résultat

Votre développement - résultats

Vous n’avez pas pris ce quiz